[Event "ESP-ch 86th"]
[Site "Linares"]
[Date "2021.08.18"]
[Round "3"]
[White "Rodriguez Reinoso, Victoriano"]
[Black "Castellanos Gomez, Alejandro"]
[Result "1-0"]
[WhiteElo "2152"]
[BlackElo "2287"]
[PlyCount "77"]
[EventDate "2021.08.16"]
[EventType "swiss"]
[EventRounds "9"]
[EventCountry "ESP"]
[SourceTitle "CBM 204 Extra"]
[Source "ChessBase"]
[SourceDate "2021.11.30"]
[SourceVersion "1"]
[SourceVersionDate "2021.11.30"]
[SourceQuality "1"]

1. c4 e6 2. Nf3 d5 3. b3 Nf6 4. g3 c5 5. cxd5 exd5 6. Bg2 Nc6 7. 0-0 Bg4 8. h3 Bf5 9. d4 Be7 10. Nc3 Ne4 11. Bb2 Bf6 12. e3 Nxc3 13. Bxc3 Be4 14. Rc1 Nb4 15. Bxb4 cxb4 16. Qd2 Qd6 17. Ne1 0-0 18. Nd3 Bxg2 19. Kxg2 a5 20. Rc2 g5 21. Rfc1 Rfe8 22. Rc5 Kg7 23. Qd1 Red8 24. Qf3 Qe6 25. Qg4 Qe8 26. Qf5 a4 27. Nxb4 Be7 28. Nxd5 Bxc5 29. Qxg5+ Kh8 30. Rxc5 Rd6 31. Qf4 Rad8 32. Nf6 Qe6 33. Rf5 axb3 34. axb3 b5 35. d5 Rxd5 36. Nxd5 Rxd5 37. Rxf7 Kg8 38. Rb7 Qc6 39. Qf7+ 1-0

[Event "Andalucia-chT Honor Oriental"]
[Site "Andalucia"]
[Date "2018.11.18"]
[Round "7.29"]
[White "Rodriguez Reinoso, Victoriano"]
[Black "Jarque Megias, Juan Jose"]
[Result "1-0"]
[WhiteElo "2197"]
[BlackElo "2082"]
[PlyCount "113"]
[EventDate "2018.09.30"]
[EventType "team-tourn"]
[EventRounds "7"]
[EventCountry "ESP"]
[SourceTitle "EXT 2020"]
[Source "ChessBase"]
[SourceDate "2019.10.17"]
[SourceVersion "1"]
[SourceVersionDate "2019.10.17"]
[SourceQuality "1"]
[WhiteTeam "Casino Primitivo"]
[BlackTeam "Caja Granada"]
[WhiteTeamCountry "ESP"]
[BlackTeamCountry "ESP"]

1. c4 e5 2. g3 g6 3. Nc3 Bg7 4. Bg2 c6 5. d3 Ne7 6. e4 0-0 7. Nge2 Na6 8. 0-0 Nc7 9. Qb3 d6 10. Bg5 h6 11. Be3 b6 12. d4 Be6 13. d5 cxd5 14. cxd5 Bc8 15. a4 Rb8 16. Rfc1 Bd7 17. Nb5 Nxb5 18. axb5 Rb7 19. Qb4 Nc8 20. f4 Bg4 21. Qd2 exf4 22. Bxf4 g5 23. Be3 Qd7 24. Nd4 Ne7 25. Nc6 Ng6 26. Bd4 f6 27. Ra3 Ne5 28. Qc3 Be2 29. Qb3 Kh8 30. Re1 Bh5 31. Rea1 f5 32. Rxa7 Nxc6 33. Bxg7+ Qxg7 34. Rxb7 Qd4+ 35. Kh1 Na5 36. Rxa5 bxa5 37. Qc3 Qxc3 38. bxc3 Rc8 39. b6 Rxc3 40. Rc7 Rb3 41. b7 Rb1+ 42. Bf1 Rxf1+ 43. Kg2 Rb1 44. Rc8+ Kg7 45. b8Q Rxb8 46. Rxb8 fxe4 47. Rd8 Kf6 48. Rxd6+ Ke5 49. Rxh6 Bf3+ 50. Kf2 Kxd5 51. Ra6 g4 52. Ke3 a4 53. Rxa4 Ke5 54. Ra5+ Kf6 55. Kf4 Kg6 56. Ra6+ Kg7 57. Re6 1-0

[Event "Andalucia-chT Honor Oriental"]
[Site "Andalucia"]
[Date "2018.10.07"]
[Round "2.33"]
[White "Merelo Garcia, Francisco"]
[Black "Rodriguez Reinoso, Victoriano"]
[Result "0-1"]
[WhiteElo "1982"]
[BlackElo "2197"]
[PlyCount "106"]
[EventDate "2018.09.30"]
[EventType "team-tourn"]
[EventRounds "7"]
[EventCountry "ESP"]
[SourceTitle "EXT 2020"]
[Source "ChessBase"]
[SourceDate "2019.10.17"]
[SourceVersion "1"]
[SourceVersionDate "2019.10.17"]
[SourceQuality "1"]
[WhiteTeam "Roquetas"]
[BlackTeam "Casino Primitivo"]
[WhiteTeamCountry "ESP"]
[BlackTeamCountry "ESP"]

1. e4 c5 2. Nf3 e6 3. d4 cxd4 4. Nxd4 a6 5. Bd3 Nf6 6. 0-0 Qc7 7. Nc3 Nc6 8. Be3 b5 9. Kh1 Bb7 10. f3 b4 11. Nb1 d5 12. Nd2 Bd6 13. Nxc6 Bxc6 14. Bg1 0-0 15. Qe1 Be5 16. Rb1 Rfd8 17. Qh4 dxe4 18. fxe4 Bb5 19. Nf3 Bxd3 20. cxd3 Rxd3 21. Rbc1 Qb8 22. Rc5 Bxb2 23. e5 Rxf3 24. Rxf3 Bxe5 25. Rb3 Nd5 26. Rh3 h6 27. Bd4 Qd6 28. Qe4 Bxd4 29. Qxd4 Rd8 30. Rd3 Qe7 31. h3 Rb8 32. Rc6 a5 33. Qe5 Rd8 34. Ra6 Qc5 35. Rg3 g6 36. Kh2 Kh7 37. Rf3 Rf8 38. Rd6 Qc8 39. h4 h5 40. Rf1 Qc4 41. Rf3 Qxh4+ 42. Kg1 Qc4 43. Rd7 Kg8 44. Rdxf7 Rxf7 45. Qxe6 Qc1+ 46. Kf2 Qb2+ 47. Kg1 Nf6 48. Kh1 Kg7 49. Qa6 Ng4 50. Rxf7+ Kxf7 51. Qa7+ Kg8 52. Qb8+ Kh7 53. Qc7+ Qg7 0-1

[Event "ESP-chT CECLUB Div2"]
[Site "Linares"]
[Date "2016.08.20"]
[Round "6"]
[White "Rodriguez Reinoso, Victoriano"]
[Black "Gil Quilez, David"]
[Result "1/2-1/2"]
[WhiteElo "2293"]
[BlackElo "2212"]
[PlyCount "101"]
[EventDate "2016.08.16"]
[EventType "team"]
[EventRounds "6"]
[EventCountry "ESP"]
[SourceTitle "CBM 174 Extra"]
[Source "ChessBase"]
[SourceDate "2016.10.10"]
[SourceVersion "1"]
[SourceVersionDate "2016.10.10"]
[SourceQuality "1"]
[WhiteTeam "Jaen Casino Primitivo"]
[BlackTeam "La Casa del Ajedrez"]
[WhiteTeamCountry "ESP"]
[BlackTeamCountry "ESP"]

1. d4 f5 2. Nc3 Nf6 3. Bf4 c6 4. e3 e6 5. Bd3 d5 6. Nf3 Bd6 7. Ne2 0-0 8. 0-0 b5 9. b3 a5 10. c4 Ba6 11. c5 Bxf4 12. Nxf4 Qe7 13. a3 Nfd7 14. b4 a4 15. Be2 Ra7 16. Ne5 Rc7 17. Qd2 g5 18. Nfd3 Nxe5 19. dxe5 Nd7 20. f4 g4 21. Ne1 h5 22. Nc2 Rb8 23. Nd4 Nf8 24. Bd3 Bc8 25. g3 Bd7 26. Ra2 Qf7 27. h3 Be8 28. Rf2 Qg6 29. hxg4 hxg4 30. Rh2 Rh7 31. Rxh7 Qxh7 32. Qh2 Bd7 33. Qxh7+ Kxh7 34. Rh2+ Kg6 35. Rh4 Kg7 36. Rh5 Nh7 37. Kf2 Rd8 38. Ke2 Rb8 39. Kd2 Rb7 40. Kc3 Rb8 41. Rh4 Nf8 42. Be2 Ng6 43. Rh5 Ne7 44. Bd3 Rh8 45. Rxh8 Kxh8 46. Ne2 Kg7 47. Nd4 Bc8 48. Kd2 Bd7 49. Nxb5 Bc8 50. Bc4 cxb5 51. Bf1 1/2-1/2